Úroveň podnikovej kultúry v automobilovom priemysle na Slovensku

Súčasná a požadovaná úroveň podnikovej kultúry z pohľadu zamestnancov pracujúcich v podnikoch automobilového priemyslu na Slovensku. Výskum založený na metodike Camerona a Quinna sa realizoval dotazníkovou metódou v roku 2017. Celkovo sa ho zúčastnilo 390 respondentov. Z výsledkov vyplýva, že sa v p...

Descrizione completa

Salvato in:
Dettagli Bibliografici
Autore principale: Lorincová, Silvia
Natura: Capitolo di libro
Lingua:slovacco
Soggetti:
Tags: Aggiungi Tag
Nessun Tag, puoi essere il primo ad aggiungerne!!

MARC

LEADER 00000naa a2200000 4500
001 0250446
005 20221104111520.8
041 0 |a slo 
044 |a SK 
245 1 0 |a Úroveň podnikovej kultúry v automobilovom priemysle na Slovensku  |c Silvia Lorincová 
520 |a Súčasná a požadovaná úroveň podnikovej kultúry z pohľadu zamestnancov pracujúcich v podnikoch automobilového priemyslu na Slovensku. Výskum založený na metodike Camerona a Quinna sa realizoval dotazníkovou metódou v roku 2017. Celkovo sa ho zúčastnilo 390 respondentov. Z výsledkov vyplýva, že sa v podnikoch automobilového priemyslu na Slovensku aktuálne uplatňuje hierarchická podniková kultúra, ktorá je charakteristická formalizovaným a štruktúrovaným pracovným prostredím zdôrazňujúcim postupy, pravidlá a predpisy. V horizonte najbližších piatich rokov by malo dôjsť k zmene úrovne podnikovej kultúry. V podnikoch automobilového priemyslu na Slovensku by sa mala uplatňovať klanová podniková kultúra, ktorá úspech chápe v súvislosti s vnútorným prostredím, tímovou prácou, participáciou, konsenzom a starostlivosťou o zamestnancov. 
610 2 0 |a priemysel automobilový 
610 2 0 |a kultúra podniková 
610 2 0 |a kultúra práce 
610 2 0 |a kultúra procesu pracovného 
610 2 0 |a zamestnanci 
610 2 0 |a Slovensko 
610 2 0 |a výskum ekonomický 
610 2 0 |a dotazníky 
100 1 |a Lorincová, Silvia